000 00564nam a2200193Ii 4500
003 JO-AjNU
008 230606s9999||||xx |||||||||||||| ||und||
020 _a977-16-0250-0
040 _aJO-AjNU
_beng
_erda
_cJO-AjNU
041 _aeng
050 1 4 _aPE887.2000
245 0 0 _aHello longman new junior english dictionary
264 3 1 _alongman: egyptian international publishing company, 2000
300 _aP380
336 _atext
_btxt
_2rdacontent
337 _aunmediated
_bn
_2rdamedia
338 _avolume
_bnc
_2rdacarrier
650 4 _aEnglish Langage
_92684
999 _aE1402
_c1402
_d1402